1142 1737 1816 1688 1401 1979 1324 1178 1179 1152 1872 1310 1445 1225 1769 1402 1495 1597 1020 1608 1007 1601 1406 1867 1484 1381 1243 1650 1637 1661 1966 1315 1201 1772 1198 1644 1967 1537 1023 1959 1423 1864 1030 1355 1388 1072 1079 1815 1300 1503 1967 1705 1391 1307 1646 1922 1604 1737 1298 1302 1109 1040 1762 1469 1442 1561 1119 1343 1507 1926 1916 1223 1633 1154 1052 1618 1830 1349 1514 1654 1792 1365 1479 1422 1359 1139 1194 1794 1322 1758 1405 1536 1033 1827 1705 1504 1694 1407 1578 BCNSPRNW ULIB Ver.6.0+V

เปลี่ยนเป็นภาษาไทย

Change to English
 แสดงรายละเอียดบรรณานุกรม
  กลับหน้าหลัก

Brief Record : Get Marc (ISO 2709) : E-mail record : QR code < ปิดหน้าต่าง
LEADER : 00000nam 2200000uu 4500
001    13399123752
003     ULIB
008    141125s2556||||th 000 0 tha d
020    ^a9786163217615
060  4 ^aWB200^bว712ห
100 0  ^aวิโรจน์ ไววานิชกิจ
245 10 ^aหลักการตรวจร่างกายเบื้องต้นสำหรับนิสิตด้านการแพทย์ /^cวิโรจน์ ไววานิชกิจ
250    ^aพิมพ์ครั้งที่ 1
260    ^aกรุงเทพฯ :^bโรงพิมพ์แห่งจุฬาลงกรณ์มหาวิทยาลัย,^c2556
300    ^a122 หน้า :^bภาพประกอบ, ;^c21 ซม.
500    ^aSend to Single Search
504    ^aบรรณานุกรม
650  2 ^aMedical History Taking
650  2 ^aPhysical Examination
650  4 ^aการตรวจร่างกาย
945    ^p315^l0^i21881
945    ^p315^l0^i21882
945    ^p315^l0^i21883
945    ^p315^l0^i21884
945    ^p315^l0^i21885
945    ^p315^l0^i21886
945    ^p315^l0^i21887
945    ^p315^l0^i21888
945    ^p315^l0^i21889
945    ^p315^l0^i21890
945    ^p315^l0^i21891
945    ^p315^l0^i21892
945    ^p315^l0^i21893
945    ^p315^l0^i21894
945    ^p315^l0^i21895
999    ^aทศพร เกษรทอง
รายการนี้ยังไม่มีแท็ก
คุณยังไม่ได้ล็อกอิน คุณสามารถมีกิจกรรมร่วมกับเว็บไซต์ได้ แต่ต้องล็อกอินก่อน ::
  ล็อกอิน

รายการสื่อสารสนเทศ

ลำดับที่ ประเภท เลขเรียก/บาร์โค้ด สถานที่ สถานะ
1. วิทยาศาสตร์การแพทย์ และสุขภาพ
วิทยาศาสตร์การแพทย์ และสุขภาพ
สถานะ=หนังสือเก่า
WB200 ว712ห ฉ.1 
  Barcode: 21881
ห้องสมุดวิทยาเขตนครสวรรค์
►ส่วนจัดเก็บหนังสือเก่า นว.
บนชั้น
  ขอยืม
2. วิทยาศาสตร์การแพทย์ และสุขภาพ
วิทยาศาสตร์การแพทย์ และสุขภาพ
สถานะ=หนังสือเก่า
WB200 ว712ห ฉ.10 
  Barcode: 21890
ห้องสมุดวิทยาเขตนครสวรรค์
►ส่วนจัดเก็บหนังสือเก่า นว.
บนชั้น
  ขอยืม
3. วิทยาศาสตร์การแพทย์ และสุขภาพ
วิทยาศาสตร์การแพทย์ และสุขภาพ
สถานะ=หนังสือเก่า
WB200 ว712ห ฉ.11 
  Barcode: 21891
ห้องสมุดวิทยาเขตนครสวรรค์
►ส่วนจัดเก็บหนังสือเก่า นว.
บนชั้น
  ขอยืม
4. วิทยาศาสตร์การแพทย์ และสุขภาพ
วิทยาศาสตร์การแพทย์ และสุขภาพ
สถานะ=หนังสือเก่า
WB200 ว712ห ฉ.12 
  Barcode: 21892
ห้องสมุดวิทยาเขตนครสวรรค์
►ส่วนจัดเก็บหนังสือเก่า นว.
บนชั้น
  ขอยืม
5. วิทยาศาสตร์การแพทย์ และสุขภาพ
วิทยาศาสตร์การแพทย์ และสุขภาพ
สถานะ=หนังสือเก่า
WB200 ว712ห ฉ.13 
  Barcode: 21893
ห้องสมุดวิทยาเขตนครสวรรค์
►ส่วนจัดเก็บหนังสือเก่า นว.
บนชั้น
  ขอยืม
6. วิทยาศาสตร์การแพทย์ และสุขภาพ
วิทยาศาสตร์การแพทย์ และสุขภาพ
WB200 ว712ห ฉ.14 
  Barcode: 21894
ห้องสมุดวิทยาเขตนครสวรรค์
►ส่วนจัดเก็บหนังสือเก่า นว.
บนชั้น
  ขอยืม
7. วิทยาศาสตร์การแพทย์ และสุขภาพ
วิทยาศาสตร์การแพทย์ และสุขภาพ
สถานะ=หนังสือเก่า
WB200 ว712ห ฉ.15 
  Barcode: 21895
ห้องสมุดวิทยาเขตนครสวรรค์
►ส่วนจัดเก็บหนังสือเก่า นว.
บนชั้น
  ขอยืม
8. วิทยาศาสตร์การแพทย์ และสุขภาพ
วิทยาศาสตร์การแพทย์ และสุขภาพ
สถานะ=หนังสือเก่า
WB200 ว712ห ฉ.2 
  Barcode: 21882
ห้องสมุดวิทยาเขตนครสวรรค์
►ส่วนจัดเก็บหนังสือเก่า นว.
บนชั้น
  ขอยืม
9. วิทยาศาสตร์การแพทย์ และสุขภาพ
วิทยาศาสตร์การแพทย์ และสุขภาพ
สถานะ=หนังสือเก่า
WB200 ว712ห ฉ.3 
  Barcode: 21883
ห้องสมุดวิทยาเขตนครสวรรค์
►ส่วนจัดเก็บหนังสือเก่า นว.
บนชั้น
  ขอยืม
10. วิทยาศาสตร์การแพทย์ และสุขภาพ
วิทยาศาสตร์การแพทย์ และสุขภาพ
สถานะ=หนังสือเก่า
WB200 ว712ห ฉ.4 
  Barcode: 21884
ห้องสมุดวิทยาเขตนครสวรรค์
►ส่วนจัดเก็บหนังสือเก่า นว.
บนชั้น
  ขอยืม
11. วิทยาศาสตร์การแพทย์ และสุขภาพ
วิทยาศาสตร์การแพทย์ และสุขภาพ
สถานะ=หนังสือเก่า
WB200 ว712ห ฉ.5 
  Barcode: 21885
ห้องสมุดวิทยาเขตนครสวรรค์
►ส่วนจัดเก็บหนังสือเก่า นว.
บนชั้น
  ขอยืม
12. วิทยาศาสตร์การแพทย์ และสุขภาพ
วิทยาศาสตร์การแพทย์ และสุขภาพ
สถานะ=หนังสือเก่า
WB200 ว712ห ฉ.6 
  Barcode: 21886
ห้องสมุดวิทยาเขตนครสวรรค์
►ส่วนจัดเก็บหนังสือเก่า นว.
บนชั้น
  ขอยืม
13. วิทยาศาสตร์การแพทย์ และสุขภาพ
วิทยาศาสตร์การแพทย์ และสุขภาพ
สถานะ=หนังสือเก่า
WB200 ว712ห ฉ.7 
  Barcode: 21887
ห้องสมุดวิทยาเขตนครสวรรค์
►ส่วนจัดเก็บหนังสือเก่า นว.
บนชั้น
  ขอยืม
14. วิทยาศาสตร์การแพทย์ และสุขภาพ
วิทยาศาสตร์การแพทย์ และสุขภาพ
สถานะ=หนังสือเก่า
WB200 ว712ห ฉ.8 
  Barcode: 21888
ห้องสมุดวิทยาเขตนครสวรรค์
►ส่วนจัดเก็บหนังสือเก่า นว.
บนชั้น
  ขอยืม
15. วิทยาศาสตร์การแพทย์ และสุขภาพ
วิทยาศาสตร์การแพทย์ และสุขภาพ
WB200 ว712ห ฉ.9 
  Barcode: 21889
ห้องสมุดวิทยาเขตนครสวรรค์
►ส่วนจัดเก็บหนังสือเก่า นว.
บนชั้น
  ขอยืม

รายการใกล้เคียง
    ผู้แต่ง [วิโรจน์ ไววานิชกิจ]

    หัวเรื่อง [Medical History Taking]
    หัวเรื่อง [Physical Examination]
    หัวเรื่อง [การตรวจร่างกาย]

BibComment


ยังไม่เคยถูกคอมเมนท์

คอมเมนท์ทรัพยากรรายการนี้
  คอมเมนท์: หลักการตรวจร่างก..


 Copyright 2026. Bcnsprnw @Library